00258 a2200121 4500001000700000020001800007040001100025100002900036240003000065245002500095300000700120362000900127192914 a85-349-2583-6 cMagnum aCoelho, Ronaldo Simões10aA pedra com o meninolpor10aA pedra com o menino a550 a2006